Zambia: at fifty years : what went right, what went wrong and wither to. A treatise of the country's socio-economic and political developments since independence (Record no. 62347)

MARC details
000 -LEADER
fixed length control field 00810nam a2200181 a 4500
008 - FIXED-LENGTH DATA ELEMENTS--GENERAL INFORMATION
fixed length control field 160929s2016 ||||||||||||||||| || u
020 ## - INTERNATIONAL STANDARD BOOK NUMBER
International Standard Book Number 9781482861235
050 ## - LIBRARY OF CONGRESS CALL NUMBER
Classification number HC 915 ZAM
100 ## - MAIN ENTRY--PERSONAL NAME
Personal name Sumaili, Fanuel
245 10 - TITLE STATEMENT
Title Zambia: at fifty years : what went right, what went wrong and wither to. A treatise of the country's socio-economic and political developments since independence
Statement of responsibility, etc. edited by Royson Mukwena & Fanuel Sumaili
260 ## - PUBLICATION, DISTRIBUTION, ETC.
Place of publication, distribution, etc. South Africa
Name of publisher, distributor, etc. Partridge
Date of publication, distribution, etc. 2016
300 ## - PHYSICAL DESCRIPTION
Extent x, 390 pages
650 #0 - SUBJECT ADDED ENTRY--TOPICAL TERM
Topical term or geographic name entry element ZAMBIA--POLITICS AND GOVERNMENT
650 #0 - SUBJECT ADDED ENTRY--TOPICAL TERM
Topical term or geographic name entry element ZAMBIA--ECONOMIC CONDITIONS--1964-
650 ## - SUBJECT ADDED ENTRY--TOPICAL TERM
Topical term or geographic name entry element ZAMBIA--SOCIAL CONDITIONS
700 ## - ADDED ENTRY--PERSONAL NAME
Personal name Mukwena, Royson
995 ## - RECOMMENDATION 995 [LOCAL, UNIMARC FRANCE]
-- CBU-MAIN LIBRARY (Kitwe)
-- 1
-- AVAILABLE
-- Sep 29, 2016
-- Zambiana Collection
Holdings
Withdrawn status Lost status Source of classification or shelving scheme Damaged status Not for loan Home library Current library Shelving location Date acquired Total Checkouts Full call number Barcode Date last seen Price effective from Koha item type
          CBU-MAIN LIBRARY, KITWE. CBU-MAIN LIBRARY, KITWE.   11/30/2022   HC 915 ZAM 746926 11/30/2022 11/30/2022 MONOGRAPH